00454 2200169 4500001002100000005001500021035002000036245005500056100002100111250001700132300003400149260003300183082001200216084001800228020002200246650001600268INLIS00000000000097120250320092313 a0010-03250000671 aInformatika 5 :bSD/MI Kelas V /cSubroto Rahardjo0 aSubroto Rahardjo acetakan ke-1 av, 103 hlm :bilus ;c28,5 cm aJakarta :bYudhistira,c2019 a004.071 a004.071 SUB i a978-602-445-852-2 4aInformatika